00352nam a2200169Ia 4500003000900000008004100009040001300050040001300063041000800076100001800084245002500102260002000127260000900147300001000156300001000166490000600176IT-RoPAU120407s9999 xx 000 0 und d aIT-RoPAU cIT-RoPAU aita aBlaise Pascal aScritti sulla grazia aEd. di Ethica  c1966 a94 p. c21 cm v1